书目信息 |
| 题名: |
证据法学
|
|
| 作者: | 刘品新 , 何家弘 著 | |
| 分册: | ||
| 出版信息: | 北京 法律出版社 2008 |
|
| 页数: | 414页 | |
| 开本: | 23cm | |
| 丛书名: | 法学新阶梯 | |
| 单 册: | ||
| 中图分类: | D925.013 | |
| 科图分类: | ||
| 主题词: | 证据--法学--高等教育--教材 | |
| 电子资源: | ||
| ISBN: | 978-7-5036-8799-0 | |
| 000 | 00947nam0 2200277 450 | |
| 001 | 1353878763 | |
| 005 | 20130427145805.60 | |
| 010 | @a978-7-5036-8799-0@dCNY36.00 | |
| 100 | @a20081107d2008 em y0chiy0110 ea | |
| 101 | 0 | @achi |
| 102 | @aCN@b110000 | |
| 105 | @aa z 000yy | |
| 200 | 1 | @a证据法学@9zheng ju fa xue@f何家弘,刘品新著 |
| 205 | @a3版 | |
| 210 | @a北京@c法律出版社@d2008 | |
| 215 | @a414页@c图,照片@d23cm | |
| 225 | 2 | @a法学新阶梯 |
| 300 | @a北京市高等教育精品教材 | |
| 330 | @a本书分为十三章,内容包括:证据制度的历史沿革、证据法的理论基础、证据法的基本原则、证据概念与证据资格、证据的学理分类、证据的法定形式、司法证明的概念与对象、司法证明的方法、司法证明的标准等。 | |
| 461 | 0 | @12001@a法学新阶梯 |
| 606 | 0 | @a证据@x法学@x高等教育@j教材 |
| 690 | @aD925.013@v4 | |
| 701 | 0 | @a刘品新@9liu pin xin@f(1973-)@4著 |
| 701 | 0 | @a何家弘@9he jia hong@f(1953-)@4著 |
| 801 | 0 | @aCN@bSG08@c20081118 |
| 905 | @aZUCC@dD925.013@eL657 | |
| 证据法学/何家弘,刘品新著.-3版.-北京:法律出版社,2008 |
| 414页:图,照片;23cm.-(法学新阶梯) |
| 北京市高等教育精品教材 |
| ISBN 978-7-5036-8799-0:CNY36.00 |
| 本书分为十三章,内容包括:证据制度的历史沿革、证据法的理论基础、证据法的基本原则、证据概念与证据资格、证据的学理分类、证据的法定形式、司法证明的概念与对象、司法证明的方法、司法证明的标准等。 |
| ● |
| 相关链接 |
|
|
|
正题名:证据法学
索取号:D925.013/L657
 
预约/预借
| 序号 | 登录号 | 条形码 | 馆藏地/架位号 | 状态 | 备注 |
| 1 | 476892 | 204768929 | 社科库509/509社科库 99排2列3层/ [索取号:D925.013/L657] | 在馆 |